Anuario del Hospital de la Santa Cruz : 1921-1922 : tercero y cuarto año 1921-1922 :
Descripción Física:
359 p. ; 22 cm
MARC
| LEADER | 00000nam a2200000Ia 4500 | ||
|---|---|---|---|
| 001 | 918 | ||
| 008 | 160829s9999 xx 000 0 cat d | ||
| 080 | |a C-1-554 | ||
| 110 | 2 | |a Hospital de la Santa Creu i Sant Pau (Barcelona, Catalunya) |9 55039 | |
| 245 | |a Anuario del Hospital de la Santa Cruz : |b 1921-1922 : |b tercero y cuarto año | ||
| 260 | |a Barcelona : |b (Impr. Vda. de Luis Tasso), [1922] | ||
| 300 | |a 359 p. ; |c 22 cm | ||
| 650 | |a Hospital de la Santa Creu (Barcelona) |x Memòries |9 20491 | ||
| 901 | |a Arxiu | ||
| 942 | |n 1 |2 udc | ||
| 952 | |0 0 |1 0 |4 0 |6 C1554 |7 1 |9 41559 |a Arxiu |b Arxiu |d 2016-12-01 |l 0 |o C-1-554 |p 918 |r 2016-12-01 00:00:00 |w 2016-12-01 |y ARXIU | ||
| 999 | |c 43449 |d 43449 | ||